000 00888nam a2200277 a 4500
001 18920
003 BD-RjUL
005 20211209000345.0
008 160727s1991 nyuab b 001 0 eng
020 _a0470217235
020 _a0582017580 (pbk.)
035 _a(BD-RjUL)18978
040 _aLC
_beng
_cLC
_dBD-RjUL
041 _aeng
082 0 0 _a338.9
_223
_bMAT 1991
100 1 _aMalecki, Edward J.,
_d1949-
_912281
245 1 0 _aTechnology and economic development :
_bthe dynamics of local, regional, and national change /
_cEdward J. Malecki.
260 _aNew York :
_bWiley & sons,
_c1991.
300 _axvi, 495 p. :
_bill. ;
_c24 cm.
500 _aIncludes index.
650 0 _aTechnology
_xEconomic aspects.
_958338
650 0 _aEconomic development.
_958339
650 0 _aRegional economic disparities.
_912284
650 0 _aTechnology and state.
_958340
942 _2ddc
_cBK
999 _c18920
_d18920